01484nam a2200325 a 4500001001200000003000800012006001900020007001500039008004100054020001800095020002700113040002100140035002100161050002500182082001500207100001700222245021300239250001200452260005300464300005700517500002000574500005700594533015200651588009500803650004900898650003900947655002900986710001701015856012601032ebr10695767CaPaEBRm o u cr cn|||||||||150303s2013 enka s 001 0 eng d z9781782166085 z9781782166092 (e-book) aCaPaEBRcCaPaEBR a(OCoLC)84993392414aQA76.7b.I375 2013eb04a005.132231 aIdris, Ivan.10aNumPy beginner's guideh[electronic resource] :ban action-packed guide for the easy-to-use, high performance, Python based free open source NumPy mathematical library using real-world examples /cIvan Idris. a2nd ed. aBirmingham, England :bPackt Publishing,cc2013. a1 online resource (viii, 287 p.) :bill. (some col.) aIncludes index. a"Learn by doing : less theory, more results"--Cover. aElectronic reproduction.bPalo Alto, Calif. :cebrary,d2015.nAvailable via World Wide Web.nAccess may be limited to ebrary affiliated libraries. aDescription based on online resource; title from title page (ebrary, viewed May 23, 2013). 0aProgramming languages (Electronic computers) 0aPython (Computer program language) 7aElectronic books.2local2 aebrary, Inc.40uhttp://site.ebrary.com/lib/rucke/Doc?id=10695767zAn electronic book accessible through the World Wide Web; click to view